000
00275nam a22001217a 4500
008
151105t xxu||||| |||| 00| 0 eng d
100
_a
Ashfaq Ahmad
_9
1357
240
_a
arz e munsif
245
_a
Arz-e-Musnif
246
_a
arze munsif
300
_a
250
942
_2
ddc
_c
BK
999
_c
479895
_d
479895